Lil Uzi Vert Song Lyric Quiz - Statistics

General Stats
  • This quiz has been taken 2,587 times
  • The average score is 10 of 15
Answer Stats
Question Answer % Correct
I don’t really care if you cry XO Tour Llif3
96%
It do not matter Money longer
94%
I swear that you’ll get over it The Way Life Goes
91%
What a lovely morning! 7 AM
89%
I shoulda never ever took ‘er home You was right
89%
Treating these Dior’s like it’s just old Vans Venetia
74%
I don’t think it’s just the drugs talkin 7 AM
73%
I... stay with the blue cheddar Futsal Shuffle 2020
65%
Ha ha oh well P’s and Q’s
63%
Go ‘head make another one Erase your social
58%
Found out she was a man That’s a rack
57%
Count it up and it’s all there How to talk
50%
I was broke just like Joe Dirt Malfunction
42%
This beat is from K-Camp Sanguine paradise
34%
Ima just do what I can I’m sorry
17%
No matching quizzes found
Score Distribution
Percent of People with Each Score
Percentile by Number Answered
Your Score History
You have not taken this quiz